Legislatura ordinaria
Saved in:
| Institution som forfatter: | |
|---|---|
| Format: | Bog |
| Sprog: | spansk |
| Udgivet: |
Santiago
Cámara de Diputados
1965
|
| Fag: | |
| Tags: |
Tilføj Tag
Ingen Tags, Vær først til at tagge denne postø!
|
MARC
| LEADER | 00000nam a2200000 a 4500 | ||
|---|---|---|---|
| 001 | UCK0494 | ||
| 003 | CL-VaPUC | ||
| 008 | 041008e19650000CL |||||||||||||||||spa|d | ||
| 082 | 0 | 4 | |a 328.35 |b CAM |2 21 |
| 110 | 2 | |a Cámara de Diputados |e author |9 488483 | |
| 245 | 1 | 0 | |a Legislatura ordinaria |
| 246 | 1 | 0 | |a Sesiones ordinarias 1965 |
| 300 | |a t | ||
| 942 | |c BK | ||
| 945 | |d 20041008 00:00:00 |a cmena | ||
| 260 | |a Santiago |b Cámara de Diputados |c 1965 | ||
| 500 | |a t.1: Sesión 1ª, en martes 25 de mayo de 1965, especial: de 16.15 a 17.30 horas. Presidencia del señor Ballesteros, Secretario, el señor Cañas Ibáñez, Prosecretario, el señor Kaempfe | ||
| 500 | |a Sesión 2ª, en miércoles 26 de mayo de 1965, ordinaria: de 16.15 a 20.23 horas. Presidencia de los señores Ballesteros e Isla, Secretario, el señor Cañas Ibáñez, Prosecretario, el señor Kaempfe | ||
| 500 | |a Sesión 3ª, en martes 1§ de junio de 1965, ordinaria: de 16.15 a 20.50 horas. Presidencia de los señores Ballesteros e Isla, Secretario, el señor Cañas Ibáñez, Prosecretario, el señor Kaempfe | ||
| 500 | |a Sesión 4ª, en miércoles 2 de junio de 1965, ordinaria: de 16.15 a 0.13 horas del día jueves 3. Presidencia de los señores Ballesteros, Isla y Papic, Secretario, el señor Cañas Ibáñez, Prosecretario, el señor Kaempfe | ||
| 500 | |a Sesión 5ª, en martes 8 de junio de 1965, ordinaria: de 16.15 a 3.43 horas del miércoles 9. Presidencia de los señores Ballesteros e Isla, Secretario, el señor Cañas Ibáñez, Prosecretario, el señor Kaempfe | ||
| 500 | |a Sesión 6ª, en miércoles 9 de junio de 1965, ordinaria: de 13.30 a 15.36 horas. Presidencia de los señores Ballesteros e Isla, Secretario, el señor Cañas Ibáñez, Prosecretario, el señor Kaempfe | ||
| 500 | |a Sesión 7ª, en miércoles 9 de junio de 1965, ordinaria: de 16.15 a 21.55 horas. Presidencia de los señores Ballesteros, Isla y Papic, Secretario, el señor Cañas Ibáñez, Prosecretario, el señor Kaempfe | ||
| 500 | |a Sesión 8ª, en martes 15 de junio de 1965, ordinaria: de 16.15 a 19.55 horas. Presidencia de los señores Ballesteros, Isla y Papic, Secretario, el señor Cañas Ibáñez, Prosecretario, el señor Kaempfe | ||
| 500 | |a Sesión 9ª, en martes 15 de junio de 1965, ordinaria: de 21.30 a 23.37 horas. Presidencia de los señores Ballesteros e Isla, Secretario, el señor Cañas Ibáñez, Prosecretario, el señor Kaempfe | ||
| 500 | |a Sesión 10ª, en miércoles 16 de junio de 1965, ordinaria: de 16.15 a 22.11 horas. Presidencia de los señores Ballesteros e Isla, Secretario, el señor Cañas Ibáñez, Prosecretario, el señor Kaempfe | ||
| 500 | |a Sesión 11, en martes 22 de junio de 1965, ordinaria: de 15 a 16 horas. Presidencia del señor Ballesteros, Secretario, el señor Cañas Ibáñez, Prosecretario, el señor Kaempfe | ||
| 500 | |a Sesión 12ª, en martes 22 de junio de 1965, ordinaria: de 16.15 a 23.17 horas. Presidencia de los señores Ballesteros, Isla y Papic, Secretario, el señor Cañas Ibáñez, Prosecretario, el señor Kaempfe | ||
| 500 | |a Sesión 13ª, en miércoles 23 de junio de 1965, ordinaria: de 16.15 a 6.12 horas del jueves 24. Presidencia de los señores Ballesteros e Isla, Secretario, el señor Cañas Ibáñez, Prosecretario, el señor Kaempfe | ||
| 500 | |a Sesión 14ª, en miércoles 30 de junio de 1965, especial: de 14.45 a 16.31 horas. Presidencia del señor Ballesteros, Secretario, el señor Cañas Ibáñez, Prosecretario, el señor Kaempfe | ||
| 500 | |a Sesión 15ª, en miércoles 30 de junio de 1965, especial: de 21.45 a 0.04 horas del jueves 1§ de julio. Presidencia del Ballesteros, Secretario, el señor Cañas Ibáñez, Prosecretario, el señor Kaempfe | ||
| 500 | |a Sesión 16ª, en martes 6 de julio de 1965, ordinaria: de 16.15 a 1.07 horas del miércoles 7. Presidencia de los señores Ballesteros, Isla, Papic y Morales, don Raúl, Secretario, el señor Cañas Ibáñez, Prosecretario, el señor Kaempfe | ||
| 500 | |a Sesión 17ª, en miércoles 7 de julio de 1965, ordinaria: de 16.15 a 19.57 horas. Presidencia de los señores Ballesteros e Isla, Secretario, el señor Cañas Ibáñez, Prosecretario, el señor Kaempfe | ||
| 500 | |a Sesión 18ª, en martes 13 de julio de 1965, ordinaria: de 16.15 a 1.15 horas del miércoles 14. Presidencia de los señores Ballesteros e Isla, Secretario, el señor Cañas Ibáñez, Prosecretario, el señor Kaempfe | ||
| 650 | 7 | |a DERECHO CHILENO |2 CL-VaPUC |9 488484 | |
| 650 | 0 | |a Jurisprudencia |9 255952 | |
| 650 | 7 | |a LEGISLACION CHILENA |2 CL-VaPUC |9 404063 | |
| 583 | |a last modification |c 20041008 00:00:00 |k Rodrigo Vera | ||
| 999 | |c 310930 |d 310928 | ||
| 952 | |0 0 |1 0 |4 0 |6 328_350000000000000_CAM_1965 |7 0 |8 X |9 380009 |a BIBHIS |b BIBHIS |d 2019-11-21 |h t.1 |i 406836K |o 328.35 CAM 1965 |p 406836K |r 2024-01-30 |w 2019-11-21 |y BK_X |k HIS | ||
| 952 | |0 0 |1 0 |4 0 |6 328_350000000000000_CAM_1965 |7 0 |8 X |9 380010 |a BIBHIS |b BIBHIS |d 2019-11-21 |h t.2 |i 4068378 |o 328.35 CAM 1965 |p 4068378 |r 2024-01-30 |w 2019-11-21 |y BK_X |k HIS | ||
| 952 | |0 0 |1 0 |4 0 |6 328_350000000000000_CAM_1965 |7 0 |8 X |9 380011 |a BIBHIS |b BIBHIS |d 2019-11-21 |h t.3 |i 4068386 |o 328.35 CAM 1965 |p 4068386 |r 2024-01-30 |w 2019-11-21 |y BK_X |k HIS | ||
| 952 | |0 0 |1 0 |4 0 |6 328_350000000000000_CAM_1965 |7 0 |8 X |9 380012 |a BIBHIS |b BIBHIS |d 2019-11-21 |h t.4 |i 4068394 |o 328.35 CAM 1965 |p 4068394 |r 2024-01-30 |w 2019-11-21 |y BK_X |k HIS | ||
| 952 | |0 0 |1 0 |4 0 |6 328_350000000000000_CAM_1965 |7 0 |8 X |9 380013 |a BIBHIS |b BIBHIS |d 2019-11-21 |h t.5 |i 4068408 |o 328.35 CAM 1965 |p 4068408 |r 2024-01-30 |w 2019-11-21 |y BK_X |k HIS | ||
| 952 | |0 0 |1 0 |4 0 |6 328_350000000000000_CAM_1965 |7 0 |8 X |9 380014 |a BIBHIS |b BIBHIS |d 2019-11-21 |h t.6 |i 4068416 |o 328.35 CAM 1965 |p 4068416 |r 2024-01-30 |w 2019-11-21 |y BK_X |k HIS | ||